00242nam a2200109Ia 4500100001900000650001600019250000600035366000700041245003700048260003500085546001200120 aZill/Dennis G  aMathematics a3 f20 aAdvanced Engineering Mathematics bNarosa Publication Housec2006 aENGLISH